Catálogo de los protocolos existentes y que proceden de notarios y juzgados de 1ª instancia y municipales. (Record no. 183619)

MARC details
000 -LEADER
campo de control de longitud fija 00514nam a2200145 i 4500
001 - NÚMERO DE CONTROL
campo de control 183619
003 - IDENTIFICADOR DE NÚMERO DE CONTROL
campo de control ES-MaACL
005 - FECHA Y HORA DE LA ÚLTIMA TRANSACCIÓN
campo de control 20230906221931.0
008 - DATOS DE LONGITUD FIJA--INFORMACIÓN GENERAL
campo de control de longitud fija 140905s1903 gt |||| | spa d
110 2# - ENTRADA PRINCIPAL--NOMBRE DE ENTIDAD CORPORATIVA
Nombre de entidad corporativa o nombre de jurisdicción como elemento de entrada Archivo General de Protocolos de Guatemala.
9 (RLIN) 155392
245 10 - MENCIÓN DEL TÍTULO
Título Catálogo de los protocolos existentes y que proceden de notarios y juzgados de 1ª instancia y municipales.
260 ## - PUBLICACIÓN, DISTRIBUCIÓN, ETC.
Lugar de publicación, distribución, etc. Guatemala :
Nombre del editor, distribuidor, etc. [s.n.],
Fecha de publicación, distribución, etc. 1903.
650 #4 - PUNTO DE ACCESO ADICIONAL DE MATERIA--TÉRMINO DE MATERIA
Término de materia o nombre geográfico como elemento de entrada Protocolos notariales-
Subdivisión geográfica Guatemala.
9 (RLIN) 155393
852 ## - LOCALIZACIÓN
Ubicación ES-MaACL
Número de control de estantería T-1089-F-1
Holdings
Estatus retirado Estado de pérdida Estado de daño No para préstamo Colección Biblioteca de origen Biblioteca actual Ubicación en estantería Fecha de adquisición Fuente de adquisición Total de préstamos Signatura topográfica completa Código de barras Visto por última vez Precio de reemplazo Tipo de ítem Koha
        Colección de folletos Biblioteca del Ateneo de Madrid Biblioteca del Ateneo de Madrid Depósito folletos 05/09/2014     T-1089-F-1 1193028 23/02/2023 23/02/2023 Folleto